000 01202nam0a22002891 4500
001 v19\rc\1538400
005 20260406154717.0
035 _a(NLR Aleph) 005215221
090 _a5450090
_c5450090
100 _a20060620d1888 |||y0rusy50 ca
101 0 _arus
102 _aRU
105 _aa z |||a|
200 1 _aПриключения Ивасека, маленького хохла
_eПоэма в стихах (для дет. чтения)
_fСоч. Ан. Лесничего
_gИл. Л.О. Пастернака
210 _aОдесса
_cизд. типо-лит. В. Кирхнера
_d1888
215 _a43 с., 6 л. ил.
_d25
300 _aНа обл. авт. не указан
700 1 _8rus
_7ca
_aПотапенко
_bИ. Н.
_f1856-1929
_gИгнатий Николаевич
_3RU\NLR\AUTH\777233
_9117172
702 1 _aПастернак
_bЛ. О.
_f1862-1945
_gЛеонид Осипович
_4440
790 1 _9z01700
_aЛесничий
_bАнтон
_f1856-1929
801 0 _aRU
_bNLR
_c20060620
_gpsbo
801 0 _aRU
_bRuMoRGB
_c20060620
_2psbo
801 1 _aRU
_bProSoft-M
_c20060620
_2rusmarc
801 2 _aRU
_bNLR
_c20080125
_2rusmarc
852 _aNLR
_j18.220.4.25
942 _cBOOK
980 _aNB